Geometría elemental graduada : para los niños de instrucción primaria en las Escuelas Pías de Castilla
Gespeichert in:
| 1. Verfasser: | |
|---|---|
| Format: | Buch |
| Sprache: | Spanisch |
| Erschienen: |
Madrid :
Sucesores de Rivadeneyra,
1918
|
| Ausgabe: | 5ª ed. |
| Katalog: | MANES: Suchergebnis im Bibliothekskatalog |
| Schulbuchspezifische Eigenschaften: |
|
| Tags: |
Tag hinzufügen
Keine Tags, Fügen Sie den ersten Tag hinzu!
|
| Hinzugefügt zu: | 29.11.1999 |
| Geändert in: | 07.05.2025 |
MARC
| LEADER | 00000cam a2200000#i 4500 | ||
|---|---|---|---|
| 005 | 20250507134452.0 | ||
| 008 | 000000s1918 espa 000 0 spa d | ||
| 040 | |a uned |b spa |c entro-manes | ||
| 100 | 1 | |a Ubeda y Gallardo, Luis (Sch. P.) . |9 38928 | |
| 245 | 1 | 0 | |a Geometría elemental graduada : |b para los niños de instrucción primaria en las Escuelas Pías de Castilla / |c [escrita por el ... P. Luis Úbeda y Gallardo] |
| 250 | |a 5ª ed. | ||
| 260 | |a Madrid : |b Sucesores de Rivadeneyra, |c 1918 | ||
| 300 | |a 138 p.: |b il | ||
| 500 | |a Tít en la cub. : Geometría elemental graduada y nociones de agrimensura | ||
| 546 | |a España | ||
| 561 | |5 es-BUNED |3 L.T. 1962 |a España. Fondo Manes UNED |k MANES | ||
| 690 | 0 | |a MATE | |
| 691 | 0 | |a PRI | |
| 942 | |2 ddc |c BK | ||
| 999 | |c 95136 |d 95136 | ||
| 999 | |c manes:95136 |d 95136 | ||